| 000 | 00435pab a2200145 454500 | ||
|---|---|---|---|
| 008 | 180718b2001 xxu||||| |||| 00| 0 eng d | ||
| 100 | _aGopalakrishna, M. | ||
| 245 | _aProductivity enhancement through environment planning, energy management and electronics | ||
| 260 | _c2001 | ||
| 300 | _ap.1-8 | ||
| 362 | _aJan-Mar; Apr-Jun | ||
| 650 | _aProductivity | ||
| 773 | _aJournal of the Institute of Public Enterprise | ||
| 909 | _a49715 | ||
| 999 |
_c49715 _d49715 |
||